000 00350 a2200169 4500
001 183601
020 _a978-85-08-15827-0
040 _cMagnum
100 _aDupré, Maria José
240 1 0 _aÉramos seis
_lpor
245 1 0 _aÉramos seis
300 _a293
362 0 _a2013
440 1 _aÁtica
697 _aLITERATURA JUVENIL
942 _cBK
999 _c183601
_d183601